000 00279nam a22001217a 4500
008 170224b xxu||||| |||| 00| 0 eng d
041 _aeng
080 _23 ED
_a616 31
100 _a5
101 _aSHS
245 _aTHE SCIENCE DENTAL MATERIALS
_cSKINNNER .E W
942 _2udc
_cBK
999 _c6184
_d6184